Todos los equipos españoles en Europa - Estadísticas

Estadísticas generales
  • Esta prueba ha sido intentada 316 veces
    292 desde el último reinicio
  • La puntuación promedio es 31 de 42
Estadísticas de respuestas
Temporadas clasificado Mejor Posición Club % Correcto
34 Campeón FC Barcelona
100%
11 Semifinalista FC Barcelona
100%
54 Campeón Real Madrid
100%
9 Campeón Real Madrid
100%
19 Finalista Atlético de Madrid
98%
20 Campeón Atlético de Madrid
98%
10 1/4 Sevilla FC
96%
14 Campeón Sevilla FC
96%
13 Finalista Valencia CF
95%
18 Campeón Valencia CF
95%
1 Grupos Real Betis
93%
8 1/8 Real Betis
93%
5 1/4 Athletic Club
89%
18 Finalista Athletic Club
89%
5 Semifinalista Real Sociedad
87%
5 1/4 Real Sociedad
87%
5 Semifinalista Deportivo de La Coruña
84%
5 1/8 Deportivo de La Coruña
84%
1 1/4 Málaga CF
79%
1 1/4 Málaga CF
79%
5 Semifinalista Villarreal CF
79%
10 Campeón Villarreal CF
79%
1 1/8 Celta de Vigo
74%
8 Semifinalista Celta de Vigo
74%
1 ? Girona FC
72%
3 1/4 Getafe CF
68%
7 Finalista RCD Espanyol
67%
8 1/8 Real Zaragoza
67%
2 Finalista Deportivo Alavés
62%
1 Ronda Previa CA Osasuna
61%
4 Semifinalista CA Osasuna
61%
2 Grupos RCD Mallorca
60%
3 1/4 RCD Mallorca
60%
1 1/4 Granada CF
56%
1 1/4 Rayo Vallecano
51%
1 1/32 Real Oviedo
48%
1 1/8 Levante UD
43%
1 Grupos Racing de Santander
42%
6 1/16 Sporting de Gijón
42%
2 1/8 UD Las Palmas
40%
2 1/16 Real Valladolid
38%
2 Semifinalista CD Tenerife
36%
No se encontraron pruebas coincidentes
Distribución de puntuación
Porcentaje de gente con cada puntuación
Porcentaje por número respondido
Historial de tus puntuaciones
No has intentado esta prueba desde el último reinicio